000 00858cam a2200253 4500
008 030422n2003 000 0 eng u
020 _a1841724130
035 _a(Sirsi) u122057
041 _aeng
050 _a728
_c18
100 _aTanqueray, Rebecca
245 _aSmall spaces
_bmaking the most of the space you have
260 _aLondon
_bRylands Peters and Small
_c2003
300 _a143p.
_bill.
_c25cm.
350 _a18.99
520 _aArranged in three sections this book discusses how the use of colour and light can make spaces seem larger, the organization of space within homes, and practical solutions for small properties.
650 _aHOUSING
650 _aINTERIOR DECORATION
650 _aINTERIOR DESIGN
650 _aINTERIOR SPACE
650 _aLIGHTING
690 _aBUILT ENVIRONMENT-CONSTRUCTION DESIGN
942 _n0
999 _c102777
_d102777